<?xml version="1.0" encoding="UTF-8"?>
<marc:record xmlns:marc="http://www.loc.gov/MARC21/slim">
   <marc:leader>00000nam a2200000 a 4500</marc:leader>
   <marc:datafield ind1="1" ind2=" " tag="100">
      <marc:subfield code="a">Hadler, Colin</marc:subfield>
      <marc:subfield code="4">aut</marc:subfield>
      <marc:subfield code="e">Verfasser/-in</marc:subfield>
   </marc:datafield>
   <marc:datafield ind1=" " ind2=" " tag="653">
      <marc:subfield code="a">Schriftsteller</marc:subfield>
   </marc:datafield>
   <marc:datafield ind1=" " ind2=" " tag="653">
      <marc:subfield code="a">Mörder</marc:subfield>
   </marc:datafield>
   <marc:datafield ind1=" " ind2=" " tag="653">
      <marc:subfield code="a">Anziehungskraft</marc:subfield>
   </marc:datafield>
   <marc:datafield ind1=" " ind2=" " tag="653">
      <marc:subfield code="a">Thiller</marc:subfield>
   </marc:datafield>
   <marc:datafield ind1=" " ind2=" " tag="653">
      <marc:subfield code="a">große Emotionen</marc:subfield>
   </marc:datafield>
   <marc:datafield ind1=" " ind2=" " tag="653">
      <marc:subfield code="a">nervenzerreißende Spannung</marc:subfield>
   </marc:datafield>
   <marc:datafield ind1=" " ind2=" " tag="653">
      <marc:subfield code="a">perfides Spiel um Tod</marc:subfield>
   </marc:datafield>
   <marc:datafield ind1="0" ind2="0" tag="245">
      <marc:subfield code="a">Firewatch</marc:subfield>
   </marc:datafield>
   <marc:datafield ind1="0" ind2="0" tag="245">
      <marc:subfield code="b">Thriller | Vertraue mir. Liebe mich. Verrate dich. Suspense-Romance des SPIEGEL-Bestsellerautors</marc:subfield>
   </marc:datafield>
   <marc:datafield ind1=" " ind2="1" tag="264">
      <marc:subfield code="b">dtv Verlagsgesellschaft</marc:subfield>
      <marc:subfield code="c">2026</marc:subfield>
   </marc:datafield>
   <marc:datafield ind1="1" ind2=" " tag="520">
      <marc:subfield code="a">Robin kennt den Mörder seines besten Freundes. Und wenn die Polizei ihn nicht überführt, wird er es tun.

Ein Jahr zuvor: Aaron übernimmt bei einem Ferienjob die Firewatch in einem kalifornischen Nationalpark. Stationiert im Firetower nebenan: Der gleichaltrige Schriftsteller Kian, der eine unwiderstehliche Anziehungskraft auf Aaron ausübt – obwohl er spürt, dass Kian etwas verbirgt. Für ihn verlässt Aaron heimlich seinen Posten – und kehrt nie zurück. Als die Ermittlungen eingestellt werden, fasst sein bester Freund Robin einen riskanten Plan: Er will Kian daten, um sein Vertrauen zu gewinnen und Aaron zu rächen.

Ein perfides Spiel um Tod, Liebe und Vertrauen – Suspense-Romance vom Feinsten!
Der neue Star am New-Adult-Suspense-Himmel: Wie kaum ein anderer verbindet Colin Hadler große Emotionen mit nervenzerreißender Spannung


»Firewatch ist wie ein brennender Sommer: heiß, gefährlich und voller Twists, die einen bis zur letzten Seite nicht mehr loslassen!« Antonia Wesseling</marc:subfield>
   </marc:datafield>
   <marc:datafield ind1=" " ind2=" " tag="020">
      <marc:subfield code="a">9783423264631</marc:subfield>
      <marc:subfield code="9">9783423264631</marc:subfield>
   </marc:datafield>
</marc:record>
